Manual de docencia universitaria
Gardado en:
| Autor Principal: | |
|---|---|
| Formato: | Libro |
| Idioma: | inglés |
| Publicado: |
Barcelona, España
Ediciones Octaedro
2020
|
| Edición: | Primera edición |
| Series: | Colección Educación universitaria
|
| Subjects: | |
| Tags: |
Engadir etiqueta
Sen Etiquetas, Sexa o primeiro en etiquetar este rexistro!
|
MARC
| LEADER | 00000nam a22000007a 4500 | ||
|---|---|---|---|
| 003 | CL-VaPUC | ||
| 005 | 20220822103850.0 | ||
| 008 | 210708b2020 ||||| |||| 00| 0 eng d | ||
| 999 | |c 433287 |d 433285 | ||
| 020 | |a 978-84-18348-10-5 | ||
| 040 | |c Pontificia Universidad Católica de Valparaíso | ||
| 082 | |a 378.12 TUR 2020 | ||
| 100 | 1 | |a Turull, Max |e coordinador |9 862054 | |
| 245 | 1 | |a Manual de docencia universitaria | |
| 250 | |a Primera edición | ||
| 260 | |a Barcelona, España |b Ediciones Octaedro |c 2020 | ||
| 300 | |a 358 páginas | ||
| 490 | |a Colección Educación universitaria | ||
| 500 | |a Donación | ||
| 583 | |c 20210708 |k Cristina Rojas | ||
| 650 | 0 | |a Docencia universitaria |9 332645 | |
| 650 | |a Educación superior |x Docencia |9 862083 | ||
| 942 | |2 ddc |c BK | ||
| 952 | |0 0 |1 0 |2 ddc |4 0 |6 378_120000000000000_TUR_2020 |7 0 |8 A |9 578382 |a BIBEDU |b BIBEDU |d 2021-07-08 |i 5620317 |o 378.12 TUR 2020 |p 5620317 |r 2021-07-08 |t 1 |w 2021-07-08 |y BK |k EDU | ||